Statistics for Regions of Texas

Click here to take the quiz!

General Stats

  • This quiz has been taken 5 times
  • The average score is 3 of 7

Answer Stats

Region% Correct
Gulf Coast
80%
Big Bend
60%
Hill Country
60%
Panhandle Plains
40%
South Texas Plains
40%
Piney Woods
20%
Prairies and Lakes
0%

Score Distribution

Percentile by Number Answered

Percent of People with Each Score

Your Score History

You have not taken this quiz